|
|
|
|
| LEADER |
00000 a2200000 04500 |
| 001 |
38415 |
| 003 |
cru IIS |
| 005 |
20230509131233.0 |
| 008 |
991231s d |
| 020 |
|
|
|a 950-9231-81-9
|
| 022 |
|
|
|a 950-9231-81-9
|
| 040 |
|
|
|c CRAI
|
| 090 |
|
|
|a 0002 B849v
|
| 100 |
|
|
|a Briceño-León, Roberto
|9 11293
|
| 245 |
|
|
|a El derecho a matar en América Latina /
|c Roberto Briceño-León, Alberto Camardiel y Olga Ávila
|
| 260 |
|
|
|a Buenos Aires:
|b CLACSO
|
| 300 |
|
|
|a 383 p.
|
| 500 |
|
|
|a También en formato digital En: Ciencias Sociales en América Latina y el Caribe, 19420
|
| 650 |
|
|
|a VIOLENCIA
|
| 650 |
|
|
|a TEORIA SOCIAL
|
| 651 |
|
0 |
|9 17
|a AMERICA LATINA
|
| 700 |
|
|
|9 11294
|a Camardiel, Alberto
|
| 700 |
|
|
|9 11295
|a Ávila, Olga
|
| 773 |
0 |
|
|0 17577
|9 8841
|a Briceño León, Roberto
|d Buenos Aires: CLACSO 2002
|o 05877
|t Violencia, sociedad y justicia en América Latina /
|w (cru CIDCACS/IIS)38309
|x 950-9231-81-9
|z 950-9231-81-9
|
| 942 |
|
|
|2 ddc
|c LI
|
| 999 |
|
|
|c 44953
|d 44953
|